=LDR 00000nam 2200000 4500 =001 INLIS000000000015223 =005 20130612110513 =008 ***********************************Ind** =035 ##$$0010-061300000015223 =041 ##$$a Ind =082 ##$$a 621-480 1 =090 ##$$a 620.112, Des =100 ##$$a Akhadi, Mukhlis =245 ##$$a Pengantar Teknologi Nuklir, Mukhils Akhadi =260 ##$$a 1997 $b Jakarta =300 ##$$a V, 231, Ilus, 21 cm =650 ##$$a Teknik Nuklir =850 ##$$a NBPNMAT